Statistics for Most-Guessed JetPunk Answers #2

Click here to take the quiz!

General Stats

  • This quiz has been taken 29,218 times
    (9,116 since last reset)
  • The average score is 14 of 20

Answer Stats

Quiz % Answer % Correct
Countries of the World97United States
99%
Smallest countries98Vatican City
89%
Santa's reindeer96Rudolph
88%
Types of Nobel Prizes96Peace
87%
Countries starting with A88Australia
85%
U.S. National Parks95Yellowstone
82%
African Great Lakes99Lake Victoria
82%
Biggest Mediterranean islands93Sicily
79%
Top U.S. cash crops98Corn
77%
Countries on the Caspian Sea94Russia
71%
States of Germany95Bavaria
66%
Chemical elements with 5
or fewer letters
88Gold
65%
20 northernmost cities in England94Manchester
62%
Houses of British monarchs
* as in dynasties
92Tudor
61%
Plagues of Egypt83Locusts
60%
Largest land animals of North
and South America
92Brown bear
56%
National capitals starting with D80Dublin
51%
Canary Islands88Tenerife
46%
Islands in the Philippines95Luzon
45%
Hebrew letters91Alef
27%

Score Distribution

Percentile by Number Answered

Percent of People with Each Score

Your Score History

You have not taken this quiz since the last reset